<?xml version="1.0" encoding="UTF-8"?>
<record
    xmlns:xsi="http://www.w3.org/2001/XMLSchema-instance"
    xsi:schemaLocation="http://www.loc.gov/MARC21/slim http://www.loc.gov/standards/marcxml/schema/MARC21slim.xsd"
    xmlns="http://www.loc.gov/MARC21/slim">

  <leader>01895nam a2200421 i 4500</leader>
  <controlfield tag="001">10261</controlfield>
  <controlfield tag="003">ES-MaACL</controlfield>
  <controlfield tag="005">20240209063103.0</controlfield>
  <controlfield tag="008">950404s1995    sp a         |||| | spa d</controlfield>
  <datafield tag="017" ind1=" " ind2=" ">
    <subfield code="a">M 4972-1995 </subfield>
    <subfield code="b">Oficina Dep&#xF3;sito Legal Madrid</subfield>
  </datafield>
  <datafield tag="020" ind1=" " ind2=" ">
    <subfield code="a">848711153X</subfield>
  </datafield>
  <datafield tag="040" ind1=" " ind2=" ">
    <subfield code="c">ES-MaACL</subfield>
  </datafield>
  <datafield tag="080" ind1=" " ind2=" ">
    <subfield code="a">91.04(7/8+914)"17/18"</subfield>
  </datafield>
  <datafield tag="080" ind1=" " ind2=" ">
    <subfield code="a">5:91.04(7/8+914)"17/18"</subfield>
  </datafield>
  <datafield tag="111" ind1="2" ind2=" ">
    <subfield code="a">Jornadas sobre Espa&#xF1;a y las Expediciones Cient&#xED;ficas en Am&#xE9;rica y Filipinas</subfield>
    <subfield code="n">(2&#xAA;. </subfield>
    <subfield code="d">1993. </subfield>
    <subfield code="c">Madrid)</subfield>
    <subfield code="9">866</subfield>
  </datafield>
  <datafield tag="245" ind1="1" ind2="0">
    <subfield code="a">De la ciencia ilustrada a la ciencia rom&#xE1;ntica : </subfield>
    <subfield code="b">actas de las II Jornadas sobre "Espa&#xF1;a y las Expediciones Cient&#xED;ficas en Am&#xE9;rica y Filipinas" / </subfield>
    <subfield code="c">Alejandro R. Diez Torre, Tom&#xE1;s Mallo y Daniel Pacheco Fern&#xE1;ndez (coordinadores)</subfield>
  </datafield>
  <datafield tag="260" ind1=" " ind2=" ">
    <subfield code="a">Aranjuez (Madrid) : </subfield>
    <subfield code="b">Doce Calles ; </subfield>
    <subfield code="a">[Madrid] : </subfield>
    <subfield code="b">Ateneo de Madrid, </subfield>
    <subfield code="c">[1995]</subfield>
  </datafield>
  <datafield tag="300" ind1=" " ind2=" ">
    <subfield code="a">642 p&#xE1;ginas : </subfield>
    <subfield code="b">ilustraciones (blanco y negro) ;</subfield>
    <subfield code="c">24 cm</subfield>
  </datafield>
  <datafield tag="490" ind1="1" ind2=" ">
    <subfield code="a">Actas</subfield>
  </datafield>
  <datafield tag="500" ind1=" " ind2=" ">
    <subfield code="a">&#xCD;ndice de autores</subfield>
  </datafield>
  <datafield tag="504" ind1=" " ind2=" ">
    <subfield code="a">Referencias bibliogr&#xE1;ficas </subfield>
  </datafield>
  <datafield tag="610" ind1="2" ind2="4">
    <subfield code="a">Ateneo de Madrid-</subfield>
    <subfield code="v">Conferencias-</subfield>
    <subfield code="y">1983-1999.</subfield>
    <subfield code="9">168596</subfield>
  </datafield>
  <datafield tag="650" ind1=" " ind2="4">
    <subfield code="a">Expediciones cient&#xED;ficas-</subfield>
    <subfield code="z">Am&#xE9;rica</subfield>
    <subfield code="9">12688</subfield>
  </datafield>
  <datafield tag="650" ind1=" " ind2="4">
    <subfield code="a">Expediciones cient&#xED;ficas-</subfield>
    <subfield code="z">Filipinas</subfield>
    <subfield code="9">12689</subfield>
  </datafield>
  <datafield tag="650" ind1=" " ind2="7">
    <subfield code="a">Expediciones cient&#xED;ficas-</subfield>
    <subfield code="z">Espa&#xF1;a</subfield>
    <subfield code="9">154502</subfield>
  </datafield>
  <datafield tag="650" ind1=" " ind2="4">
    <subfield code="a">Ciencia-</subfield>
    <subfield code="z">Espa&#xF1;a-</subfield>
    <subfield code="v">Congresos y asambleas</subfield>
    <subfield code="9">10942</subfield>
  </datafield>
  <datafield tag="700" ind1="1" ind2=" ">
    <subfield code="a">D&#xED;ez Torre, Alejandro R.</subfield>
    <subfield code="9">44776</subfield>
    <subfield code="e">pbl</subfield>
  </datafield>
  <datafield tag="700" ind1="1" ind2=" ">
    <subfield code="a">Mallo, Tom&#xE1;s</subfield>
    <subfield code="9">75818</subfield>
    <subfield code="e">pbl</subfield>
  </datafield>
  <datafield tag="700" ind1="1" ind2=" ">
    <subfield code="a">Pacheco Fern&#xE1;ndez, Daniel</subfield>
    <subfield code="9">88132</subfield>
    <subfield code="e">pbl</subfield>
  </datafield>
  <datafield tag="710" ind1="2" ind2=" ">
    <subfield code="a">Ateneo de Madrid.</subfield>
    <subfield code="9">1875</subfield>
    <subfield code="e">edt</subfield>
  </datafield>
  <datafield tag="830" ind1="1" ind2=" ">
    <subfield code="a">Actas</subfield>
    <subfield code="9">178380</subfield>
  </datafield>
  <datafield tag="852" ind1="4" ind2=" ">
    <subfield code="a">ES-MaACL</subfield>
    <subfield code="j">L-17796</subfield>
    <subfield code="c">DEPO2</subfield>
    <subfield code="h">Donaci&#xF3;n: Editorial </subfield>
    <subfield code="9">10546</subfield>
  </datafield>
  <datafield tag="852" ind1="4" ind2=" ">
    <subfield code="a">ES-MaACL</subfield>
    <subfield code="j">L-17797  </subfield>
    <subfield code="c">DEPO2</subfield>
    <subfield code="h">Donaci&#xF3;n: Editorial </subfield>
    <subfield code="z">Duplicado</subfield>
    <subfield code="9">10547</subfield>
  </datafield>
  <datafield tag="852" ind1="4" ind2=" ">
    <subfield code="a">ES-MaACL</subfield>
    <subfield code="j">N-8219/Ej. 2  </subfield>
    <subfield code="c">DEPOJ</subfield>
    <subfield code="z">X-31</subfield>
    <subfield code="z">Triplicado</subfield>
    <subfield code="9">10545</subfield>
  </datafield>
  <datafield tag="942" ind1=" " ind2=" ">
    <subfield code="c">MONOGRAFIA</subfield>
    <subfield code="n">0</subfield>
  </datafield>
  <datafield tag="999" ind1=" " ind2=" ">
    <subfield code="c">10261</subfield>
    <subfield code="d">10261</subfield>
  </datafield>
  <datafield tag="952" ind1=" " ind2=" ">
    <subfield code="0">0</subfield>
    <subfield code="1">0</subfield>
    <subfield code="2">udc</subfield>
    <subfield code="4">0</subfield>
    <subfield code="7">0</subfield>
    <subfield code="8">Fondo_Ateneo_de_Madrid</subfield>
    <subfield code="a">ATENEOM</subfield>
    <subfield code="b">ATENEOM</subfield>
    <subfield code="c">DEPO2</subfield>
    <subfield code="d">2008-01-17</subfield>
    <subfield code="e">DONACION</subfield>
    <subfield code="j">1</subfield>
    <subfield code="l">0</subfield>
    <subfield code="o">L-17796</subfield>
    <subfield code="p">1010470</subfield>
    <subfield code="r">2023-02-23 00:00:00</subfield>
    <subfield code="y">MONOGRAFIA</subfield>
  </datafield>
</record>
